[Event "BCF-chT4 2223 (4NCL)"]
[Site "England"]
[Date "2023.04.30"]
[Round "10.12"]
[White "Tenin, Aleksander"]
[Black "Weatherlake, John P"]
[Result "1/2-1/2"]
[WhiteElo "2110"]
[BlackElo "2022"]
[PlyCount "118"]
[EventDate "2022.11.05"]
[EventType "team-swiss"]
[EventRounds "11"]
[EventCountry "ENG"]
[SourceTitle "EXT 2024"]
[Source "ChessBase"]
[SourceDate "2023.10.10"]
[SourceVersion "1"]
[SourceVersionDate "2023.10.10"]
[SourceQuality "1"]
[WhiteTeam "War and Piece"]
[BlackTeam "Poole Patzers"]
[WhiteTeamCountry "ENG"]
[BlackTeamCountry "ENG"]

1. e4 c5 2. Nf3 e6 3. Nc3 Nc6 4. d4 cxd4 5. Nxd4 Nf6 6. Bg5 h6 7. Bh4 Bb4 8. Ndb5 g5 9. Bg3 Nxe4 10. Qf3 Nxg3 11. Qxg3 0-0 12. h4 a6 13. Nd6 f5 14. 0-0-0 Bxd6 15. Rxd6 Qe7 16. Na4 b5 17. Nb6 Ra7 18. Kb1 f4 19. Qd3 Ne5 20. Qd1 Nf7 21. Rd4 Qc5 22. Nxc8 Rxc8 23. hxg5 hxg5 24. Rd2 d6 25. Qh5 Kf8 26. Qg6 Qf5 27. Qxf5 exf5 28. Bd3 Rc5 29. Re2 Re7 30. Rxe7 Kxe7 31. a4 Kf6 32. axb5 axb5 33. Ka2 Kg6 34. Kb3 Ne5 35. Be2 Rd5 36. Rd1 Rxd1 37. Bxd1 Nc6 38. c3 g4 39. Be2 b4 40. Bb5 Ne5 41. Kxb4 g3 42. fxg3 fxg3 43. c4 f4 44. c5 dxc5+ 45. Kxc5 f3 46. Bf1 Kg5 47. Kd5 Kf4 48. gxf3 Nd3 49. b3 Ke3 50. b4 Nxb4+ 51. Ke5 Kxf3 52. Kf5 Kf2 53. Bh3 Kg1 54. Ke4 Kh2 55. Bf1 Nc2 56. Kd3 Ne1+ 57. Ke2 Ng2 58. Kf3 Nh4+ 59. Kg4 g2 1/2-1/2

[Event "UK Armed Forces-ch"]
[Site "Wittering"]
[Date "2023.04.15"]
[Round "3"]
[White "Tenin, Aleksander"]
[Black "Bradley, William"]
[Result "1/2-1/2"]
[WhiteElo "2072"]
[BlackElo "1831"]
[PlyCount "71"]
[EventDate "2023.04.14"]
[EventType "swiss"]
[EventRounds "7"]
[EventCountry "ENG"]
[SourceTitle "EXT 2024"]
[Source "ChessBase"]
[SourceDate "2023.10.10"]
[SourceVersion "1"]
[SourceVersionDate "2023.10.10"]
[SourceQuality "1"]

1. e4 c5 2. Nf3 d6 3. Nc3 Nf6 4. Bc4 Nc6 5. d4 cxd4 6. Nxd4 e6 7. Bg5 a6 8. Qd2 Be7 9. 0-0-0 Ne5 10. Be2 h6 11. Bf4 Ng6 12. Bg3 0-0 13. h4 Qc7 14. f4 Rd8 15. Qe3 b5 16. e5 Ne8 17. Bf3 Bb7 18. exd6 Bxd6 19. Bxb7 Qxb7 20. f5 exf5 21. Nxf5 Bxg3 22. Qxg3 Qc7 23. Qxc7 Nxc7 24. Rde1 Re8 25. g3 Kf8 26. Rhf1 Rad8 27. Ne4 Ne5 28. Ned6 Re6 29. Nb7 Rd5 30. Kb1 Nc4 31. Rxe6 Nd2+ 32. Kc1 Nxf1 33. Rc6 Rxf5 34. Rxc7 Nxg3 35. Rc8+ Ke7 36. Rc7+ 1/2-1/2